000 00619nam a2200181Ia 4500
003 GCL
008 140319s9999 xx 000 0 ara d
040 _aGCL /
_cGCL
082 0 4 _a189.09
_bع ف
100 1 _aعبدالامير الاعسم
245 1 0 _aالفيلسوف نصيرالدين الطوسى مؤسس المنهج الفلسفى فى علم الكلام الاسلامى /
_cعبدالامير الاعسم
490 _a
650 0 4 _aالفلسفة الاسلامية
650 0 4 _aطرق البحث
650 0 4 _aعلم الكلام
650 0 4 _aنصيرالدين الطوسى
942 _2ddc
_cBK
999 _c44706
_d44706